GRE- Graduate Record Examination Prep 2022 (Record no. 75109)

MARC details
000 -LEADER
fixed length control field 00378nam a22001337a 4500
020 ## - INTERNATIONAL STANDARD BOOK NUMBER
ISBN 978-1-5062-7718-9
082 ## - DEWEY DECIMAL CLASSIFICATION NUMBER
Item number HAR
Classification number 06.067(079)GRE HAR
100 ## - MAIN ENTRY--AUTHOR NAME
Personal name HARMAN, Craig, Ed
245 ## - TITLE STATEMENT
Title GRE- Graduate Record Examination Prep 2022
260 ## - PUBLICATION, DISTRIBUTION, ETC. (IMPRINT)
Place of publication Florida
Name of publisher Kapplan Publishing
Year of publication 2022
300 ## - PHYSICAL DESCRIPTION
Number of Pages 674
650 ## - SUBJECT ADDED ENTRY--TOPICAL TERM
Topical Term GRE Prepartion Guide
-- Graduate record Examination
942 ## - ADDED ENTRY ELEMENTS (KOHA)
Koha item type Books
Holdings
Withdrawn status Lost status Damaged status Not for loan Home library Current library Date acquired Source of acquisition Full call number Accession Number Koha item type
        RRII Library RRII Library 13/10/2023 Capital Books, Delhi, Invoice No 422/23-24 dated 20.09.2023 for Rs 35,435/- HAR 23615 Books